[Event "VIE-chT (Women)"]
[Site "Ho Chi Minh City"]
[Date "2017.07.28"]
[Round "7.4"]
[White "Nguyen, Hong Anh"]
[Black "Nguyen, Quynh Anh"]
[Result "1/2-1/2"]
[WhiteElo "1486"]
[BlackElo "2165"]
[PlyCount "53"]
[EventDate "2017.07.24"]
[EventType "team-swiss"]
[EventRounds "9"]
[EventCountry "VIE"]
[SourceTitle "EXT 2019"]
[Source "ChessBase"]
[SourceDate "2018.10.10"]
[SourceVersion "1"]
[SourceVersionDate "2018.10.10"]
[SourceQuality "1"]

1. d4 d5 2. c4 e6 3. Nf3 Nf6 4. g3 c6 5. Qc2 Bd6 6. Bg2 Nbd7 7. 0-0 0-0 8. Nbd2 Qe7 9. e4 dxe4 10. Nxe4 Nxe4 11. Qxe4 e5 12. Bg5 f6 13. Bd2 exd4 14. Qxe7 Bxe7 15. Nxd4 Ne5 16. b3 Rd8 17. Bc3 Bc5 18. Ne2 Bg4 19. Nf4 Nd3 20. Nxd3 Rxd3 21. Rac1 Ba3 22. Be4 Rd7 23. Rb1 Re8 24. Rfe1 Rde7 25. Bd3 Rxe1+ 26. Rxe1 Rxe1+ 27. Bxe1 1/2-1/2

[Event "VIE-chT (Women)"]
[Site "Ho Chi Minh City"]
[Date "2017.07.27"]
[Round "6.4"]
[White "Nguyen, Quynh Anh"]
[Black "Kieu, Bich Thuy"]
[Result "1-0"]
[WhiteElo "2165"]
[BlackElo "1729"]
[PlyCount "93"]
[EventDate "2017.07.24"]
[EventType "team-swiss"]
[EventRounds "9"]
[EventCountry "VIE"]
[SourceTitle "EXT 2019"]
[Source "ChessBase"]
[SourceDate "2018.10.10"]
[SourceVersion "1"]
[SourceVersionDate "2018.10.10"]
[SourceQuality "1"]

1. e4 d6 2. d4 g6 3. Bd3 Bg7 4. Ne2 Nd7 5. Be3 a6 6. c4 Ngf6 7. f3 0-0 8. Nbc3 e5 9. Qd2 Qe7 10. 0-0 c6 11. a4 Nh5 12. g4 Nhf6 13. Bg5 Qe8 14. Bh6 exd4 15. Nxd4 Ne5 16. Be2 Be6 17. b3 Rd8 18. h3 Bc8 19. Rad1 Qe7 20. Qg5 Bxh6 21. Qxh6 Rfe8 22. Rf2 Ned7 23. Bd3 Nc5 24. Bc2 d5 25. cxd5 cxd5 26. exd5 Nxd5 27. Nf5 Bxf5 28. Nxd5 Qe5 29. f4 Qg7 30. Ne7+ Kf8 31. Qxg7+ Kxg7 32. Rxd8 Rxd8 33. gxf5 b5 34. Nc6 Rd6 35. axb5 axb5 36. Ne5 gxf5 37. Rg2+ Kf6 38. b4 Ne4 39. Bd3 Nc3 40. Rg5 Ne4 41. Rh5 Ke6 42. Bxb5 f6 43. Bc4+ Ke7 44. Rxh7+ Kf8 45. Ng6+ Ke8 46. Bb5+ Kd8 47. Ne7 1-0

[Event "VIE-chT (Women)"]
[Site "Ho Chi Minh City"]
[Date "2017.07.26"]
[Round "4.9"]
[White "Nguyen, Thi Minh Oanh"]
[Black "Nguyen, Quynh Anh"]
[Result "0-1"]
[WhiteElo "1796"]
[BlackElo "2165"]
[PlyCount "138"]
[EventDate "2017.07.24"]
[EventType "team-swiss"]
[EventRounds "9"]
[EventCountry "VIE"]
[SourceTitle "EXT 2019"]
[Source "ChessBase"]
[SourceDate "2018.10.10"]
[SourceVersion "1"]
[SourceVersionDate "2018.10.10"]
[SourceQuality "1"]

1. d4 d5 2. Bg5 c6 3. Nf3 Qb6 4. Qc1 h6 5. Bh4 Bf5 6. e3 Nd7 7. c4 e6 8. Nc3 Ngf6 9. c5 Qc7 10. b4 Ne4 11. Nxe4 Bxe4 12. Bg3 Qc8 13. Be2 Be7 14. 0-0 0-0 15. Qd2 Bd8 16. a4 Bc7 17. b5 Bxg3 18. hxg3 Qc7 19. Rfc1 e5 20. a5 exd4 21. exd4 a6 22. bxc6 bxc6 23. Ra2 Rfb8 24. Ne1 Nf6 25. Nd3 Ne8 26. Nb2 Qd8 27. Na4 Nc7 28. Nb6 Ra7 29. Qf4 Nb5 30. Bxb5 axb5 31. Qd2 Ra6 32. Re1 Qc7 33. Re3 Bf5 34. Qe1 Be6 35. Re5 g6 36. Ra3 Ra7 37. Rf3 Kg7 38. Qd2 Qd8 39. Rfe3 Qf6 40. Qe1 Re8 41. g4 Qf4 42. Qd2 Rh8 43. f3 h5 44. gxh5 Rxh5 45. Rxh5 gxh5 46. Kf2 h4 47. Ke2 h3 48. gxh3 Qh2+ 49. Kd3 Qxd2+ 50. Kxd2 Rxa5 51. h4 Ra2+ 52. Kc1 Rh2 53. Na8 Rxh4 54. Rd3 Bf5 55. Rd2 Rf4 56. Nc7 Rxf3 57. Na6 Bd7 58. Re2 Kf8 59. Nb4 Rb3 60. Nc2 Bf5 61. Rf2 Be4 62. Rf6 Rc3 63. Rxc6 Rxc2+ 64. Kd1 Rc4 65. Rb6 Rxd4+ 66. Ke1 b4 67. c6 Rc4 68. c7 Rxc7 69. Rxb4 Rc2 0-1

[Event "VIE-chT (Women)"]
[Site "Ho Chi Minh City"]
[Date "2017.07.24"]
[Round "2.23"]
[White "Luong, Hoang Tu Linh"]
[Black "Nguyen, Quynh Anh"]
[Result "1/2-1/2"]
[WhiteElo "1713"]
[BlackElo "2165"]
[PlyCount "94"]
[EventDate "2017.07.24"]
[EventType "team-swiss"]
[EventRounds "9"]
[EventCountry "VIE"]
[SourceTitle "EXT 2019"]
[Source "ChessBase"]
[SourceDate "2018.10.10"]
[SourceVersion "1"]
[SourceVersionDate "2018.10.10"]
[SourceQuality "1"]

1. d4 d5 2. c4 e6 3. Nc3 c6 4. Bf4 dxc4 5. a4 Nf6 6. e4 Bb4 7. Bg5 Bxc3+ 8. bxc3 Qa5 9. Bd2 Nxe4 10. Bxc4 Nxd2 11. Qxd2 0-0 12. Ne2 Nd7 13. 0-0 e5 14. Qg5 Qd8 15. Qg3 exd4 16. cxd4 Nf6 17. Rad1 Bf5 18. Bb3 Qb6 19. Nf4 Rad8 20. d5 cxd5 21. Nxd5 Nxd5 22. Bxd5 Bc2 23. Rd2 Bb3 24. Rb1 Qh6 25. Rd4 Rxd5 26. Rh4 Qf6 27. Qxb3 Rd2 28. Qg3 Rfd8 29. h3 h6 30. Rxb7 Rxf2 31. Rb8 Rfd2 32. Rxd8+ Rxd8 33. Rf4 Rd1+ 34. Kh2 Qa1 35. Qf3 Rh1+ 36. Kg3 g5 37. Rxf7 Qe5+ 38. Kg4 Qe6+ 39. Rf5 Ra1 40. Kh5 Rxa4 41. Qa8+ Kh7 42. Qb7+ Kg8 43. Qb8+ Kh7 44. Qc7+ Kg8 45. Qd8+ Kh7 46. Qc7+ Kg8 47. Qd8+ Kh7 1/2-1/2

[Event "VIE-ch (Women)"]
[Site "Vietnam"]
[Date "2016.04.27"]
[Round "1"]
[White "Nguyen, Truong Bao Tran"]
[Black "Nguyen, Quynh Anh"]
[Result "0-1"]
[WhiteElo "1873"]
[BlackElo "2165"]
[PlyCount "80"]
[EventDate "2016.04.27"]
[EventType "swiss"]
[EventRounds "9"]
[EventCountry "VIE"]
[SourceTitle "CBM 172 Extra"]
[Source "ChessBase"]
[SourceDate "2016.06.21"]
[SourceVersion "1"]
[SourceVersionDate "2016.06.21"]
[SourceQuality "1"]

1. d4 d5 2. c4 e6 3. Nf3 c6 4. e3 Nf6 5. Bd3 Nbd7 6. 0-0 dxc4 7. Bxc4 b5 8. Be2 a6 9. a3 c5 10. dxc5 Bxc5 11. b4 Be7 12. Bb2 0-0 13. Nbd2 Bb7 14. Nb3 Rc8 15. Rc1 Bd5 16. Nbd4 Bd6 17. a4 Bxb4 18. axb5 axb5 19. Bxb5 Bd6 20. Qe2 Ne4 21. Nc6 Qb6 22. Bd4 Ndc5 23. Nce5 Qb7 24. Rb1 Qe7 25. Bc4 Ba8 26. h3 Ng5 27. Nxg5 Qxg5 28. Nf3 Qf5 29. Nd2 e5 30. Ba1 Qg5 31. Nf3 Qh5 32. Nxe5 Qg5 33. Nf3 Qg6 34. Rfd1 Be4 35. Rb5 Rb8 36. Nh4 Qh6 37. Qg4 Rxb5 38. Bxb5 Rd8 39. Nf5 Bxf5 40. Qxf5 Ne6 0-1

[Event "VIE-chT (Women)"]
[Site "Ho Chi Minh City"]
[Date "2015.07.19"]
[Round "4.4"]
[White "Le, Thi Phuong Lien"]
[Black "Nguyen, Quynh Anh"]
[Result "0-1"]
[WhiteElo "2091"]
[BlackElo "2165"]
[PlyCount "92"]
[EventDate "2015.07.16"]
[EventType "team-swiss"]
[EventRounds "9"]
[EventCountry "VIE"]
[SourceTitle "EXT 2016"]
[Source "ChessBase"]
[SourceDate "2015.10.08"]
[SourceVersion "1"]
[SourceVersionDate "2015.10.08"]
[SourceQuality "1"]

1. d4 d5 2. c4 e6 3. Nf3 c6 4. Nc3 Nf6 5. Bf4 dxc4 6. e3 b5 7. a4 Bb4 8. Nd2 Nd5 9. Nxd5 exd5 10. axb5 cxb5 11. Be2 Nc6 12. 0-0 0-0 13. b3 Bc3 14. Rc1 Bb2 15. Rb1 c3 16. Bxb5 Nb4 17. Qh5 Qb6 18. Be2 Ba6 19. Bxa6 Qxa6 20. Nf3 c2 21. h4 cxb1Q 22. Rxb1 Bc3 23. Ne5 Qe6 24. Rd1 Rfc8 25. Qf3 f6 26. Ng4 Qe4 27. Qg3 Kf7 28. h5 Bb2 29. h6 g6 30. Nxf6 Kxf6 31. Bg5+ Ke6 32. f3 Qc2 33. Qe5+ Kd7 34. Qe7+ Kc6 35. Rf1 a5 36. Rf2 Qb1+ 37. Rf1 Qc2 38. Rf2 Qb1+ 39. Rf1 Qd3 40. Bf4 Kb6 41. Bd6 Bxd4 42. exd4 Qxd4+ 43. Kh2 Ra7 44. Qe6 Rc6 45. Rd1 Nd3 46. Rd2 Qh4+ 0-1

[Event "VIE-chT (Women)"]
[Site "Ho Chi Minh City"]
[Date "2015.07.18"]
[Round "3.5"]
[White "Nguyen, Quynh Anh"]
[Black "Bui, Thuy Vy"]
[Result "1-0"]
[WhiteElo "2165"]
[BlackElo "1750"]
[PlyCount "57"]
[EventDate "2015.07.16"]
[EventType "team-swiss"]
[EventRounds "9"]
[EventCountry "VIE"]
[SourceTitle "EXT 2016"]
[Source "ChessBase"]
[SourceDate "2015.10.08"]
[SourceVersion "1"]
[SourceVersionDate "2015.10.08"]
[SourceQuality "1"]

1. e4 e6 2. d4 d5 3. Nd2 dxe4 4. Nxe4 Nd7 5. Nf3 Ngf6 6. Bd3 b6 7. 0-0 Bb7 8. Qe2 Be7 9. Rd1 0-0 10. c3 h6 11. h3 Nxe4 12. Bxe4 Bxe4 13. Qxe4 Nf6 14. Qe2 Re8 15. Bf4 Qc8 16. Ne5 c5 17. Rd3 Nd5 18. Bxh6 Bf6 19. Rg3 Kf8 20. Bg5 cxd4 21. cxd4 Bxg5 22. Qh5 Qc7 23. Rxg5 Kg8 24. Rg3 Red8 25. Re1 Rac8 26. Re4 Nf6 27. Rxg7+ Kxg7 28. Qg5+ Kf8 29. Qxf6 1-0

[Event "VIE-ch Resolution (Women) 7th"]
[Site "Bac Giang"]
[Date "2014.12.09"]
[Round "4"]
[White "Nguyen, Quynh Anh"]
[Black "Ngo, Thi Kim Tuyen"]
[Result "1-0"]
[WhiteElo "2165"]
[BlackElo "2027"]
[PlyCount "69"]
[EventDate "2014.12.05"]
[EventType "swiss"]
[EventRounds "9"]
[EventCountry "VIE"]
[SourceTitle "EXT 2016"]
[Source "ChessBase"]
[SourceDate "2015.10.08"]
[SourceVersion "1"]
[SourceVersionDate "2015.10.08"]
[SourceQuality "1"]

1. e4 Nf6 2. e5 Nd5 3. c4 Nb6 4. d4 d6 5. exd6 cxd6 6. Nc3 g6 7. Be3 Bg7 8. Rc1 0-0 9. b3 Nc6 10. d5 Ne5 11. Be2 a5 12. f4 Ned7 13. Nf3 a4 14. b4 Nf6 15. Nd4 Bd7 16. 0-0 Qc8 17. Ncb5 Bg4 18. Ne6 fxe6 19. Bxb6 exd5 20. Nc7 Bxe2 21. Qxe2 Rb8 22. Ne6 Qc6 23. Bd4 Rf7 24. Ng5 dxc4 25. Nxf7 Qd5 26. Bxf6 exf6 27. Nxd6 Qxd6 28. Qxc4+ Kh8 29. Qc7 Qd4+ 30. Kh1 Rd8 31. Qxb7 f5 32. Rc8 Bf6 33. Rxd8+ Qxd8 34. Rc1 Bc3 35. h3 1-0

[Event "VIE-ch op (Women)"]
[Site "Ho Chi Minh City"]
[Date "2013.11.22"]
[Round "5"]
[White "Nguyen, Quynh Anh"]
[Black "Le, Hoang Tran Chau"]
[Result "1/2-1/2"]
[WhiteElo "2178"]
[BlackElo "2099"]
[PlyCount "63"]
[EventDate "2013.11.19"]
[EventType "swiss"]
[EventRounds "9"]
[EventCountry "VIE"]
[SourceTitle "CBM 157 Extra"]
[Source "ChessBase"]
[SourceDate "2013.12.19"]
[SourceVersion "1"]
[SourceVersionDate "2013.12.19"]
[SourceQuality "1"]

1. e4 c5 2. Nf3 d6 3. d4 cxd4 4. Nxd4 Nf6 5. Nc3 g6 6. Be2 Bg7 7. 0-0 0-0 8. Be3 Nc6 9. h3 Bd7 10. Kh1 Nxd4 11. Bxd4 Bc6 12. Qd3 Nd7 13. Rad1 Bxd4 14. Qxd4 Qb6 15. Qxb6 Nxb6 16. Rd4 Rac8 17. Rfd1 Nd7 18. f3 Kg7 19. R4d2 Nc5 20. Bb5 Bxb5 21. Nxb5 a6 22. Nc3 Nd7 23. a3 Nb6 24. Nd5 Nxd5 25. exd5 Rfe8 26. Kg1 Rc7 27. c3 Kf6 28. Kf2 b5 29. Rd4 Rec8 30. Ke3 Rc4 31. R1d2 R8c7 32. Ke4 1/2-1/2

[Event "VIE-ch (Women)"]
[Site "Ho Chi Minh City"]
[Date "2013.04.17"]
[Round "5"]
[White "Le, Thi Ha"]
[Black "Nguyen, Quynh Anh"]
[Result "0-1"]
[WhiteElo "1949"]
[BlackElo "2175"]
[PlyCount "102"]
[EventDate "2013.04.15"]
[EventType "swiss"]
[EventRounds "7"]
[EventCountry "VIE"]
[SourceTitle "CBM 154 Extra"]
[Source "ChessBase"]
[SourceDate "2013.06.25"]
[SourceVersion "2"]
[SourceVersionDate "2013.06.25"]
[SourceQuality "1"]

1. d4 d5 2. c4 e6 3. Nc3 c6 4. e4 dxe4 5. Nxe4 Bb4+ 6. Nc3 Nf6 7. a3 Bd6 8. Nf3 0-0 9. Bg5 Nbd7 10. Bd3 h6 11. Bh4 c5 12. 0-0 cxd4 13. Nxd4 a6 14. b3 Qc7 15. Bg3 Bxg3 16. hxg3 Rd8 17. Nf3 Nc5 18. Ne1 e5 19. Qe2 Nxb3 20. Rd1 Nd4 21. Qb2 Be6 22. Rc1 Rac8 23. Ne2 b5 24. Nxd4 Rxd4 25. c5 Rd5 26. Be2 e4 27. a4 Rxc5 28. Rxc5 Qxc5 29. axb5 Rb8 30. Nc2 axb5 31. Nd4 Bd7 32. Rc1 Qg5 33. Nb3 e3 34. Bf3 Re8 35. Re1 b4 36. Qd4 exf2+ 37. Qxf2 Rxe1+ 38. Qxe1 Qb5 39. Kh2 Qc4 40. Qb1 Be6 41. Nd2 Qd4 42. Ne4 Nd7 43. Qc1 b3 44. Nc3 Ne5 45. Be2 Bc4 46. Bxc4 Nxc4 47. Nb1 b2 48. Qe1 Ne3 49. Qa5 Qe4 50. Qd8+ Kh7 51. Qd2 Nf1+ 0-1

[Event "VIE-ch (Women)"]
[Site "Ho Chi Minh City"]
[Date "2013.04.17"]
[Round "4"]
[White "Nguyen, Quynh Anh"]
[Black "Vo, Thi Kim Phung"]
[Result "0-1"]
[WhiteElo "2175"]
[BlackElo "2184"]
[PlyCount "58"]
[EventDate "2013.04.15"]
[EventType "swiss"]
[EventRounds "7"]
[EventCountry "VIE"]
[SourceTitle "CBM 154 Extra"]
[Source "ChessBase"]
[SourceDate "2013.06.25"]
[SourceVersion "2"]
[SourceVersionDate "2013.06.25"]
[SourceQuality "1"]

1. e4 c5 2. Nf3 d6 3. d4 cxd4 4. Nxd4 Nf6 5. Nc3 a6 6. Be2 e5 7. Nb3 Be7 8. 0-0 b5 9. a3 Bb7 10. Qd3 Nbd7 11. f4 Rc8 12. Bf3 0-0 13. Re1 exf4 14. Bxf4 Ne5 15. Qe2 Nc4 16. Nd1 Re8 17. c3 d5 18. e5 Ne4 19. Nf2 Qb6 20. Bxe4 dxe4 21. Kf1 f6 22. Nxe4 fxe5 23. Be3 Qc6 24. Bc1 Qb6 25. Be3 Qg6 26. Bc1 Bh4 27. g3 Rf8+ 28. Kg1 Bd8 29. Nbd2 Bb6+ 0-1

[Event "VIE-ch (Women)"]
[Site "Ho Chi Minh City"]
[Date "2013.04.16"]
[Round "3"]
[White "Pham, Le Thao Nguyen"]
[Black "Nguyen, Quynh Anh"]
[Result "1-0"]
[WhiteElo "2421"]
[BlackElo "2175"]
[PlyCount "97"]
[EventDate "2013.04.15"]
[EventType "swiss"]
[EventRounds "7"]
[EventCountry "VIE"]
[SourceTitle "CBM 154 Extra"]
[Source "ChessBase"]
[SourceDate "2013.06.25"]
[SourceVersion "2"]
[SourceVersionDate "2013.06.25"]
[SourceQuality "1"]

1. d4 d5 2. c4 e6 3. Nf3 Nf6 4. Bg5 Be7 5. e3 0-0 6. Nc3 b6 7. cxd5 exd5 8. Bd3 Bb7 9. 0-0 Nbd7 10. Qc2 h6 11. Bf4 c5 12. Rad1 a6 13. Bf5 Re8 14. Ne5 Nf8 15. dxc5 bxc5 16. Na4 Qa5 17. b3 Nh5 18. Nd3 Bc8 19. Ne5 Bb7 20. Bg4 Nxf4 21. exf4 Qc7 22. Rc1 Bd6 23. Nxc5 Bxe5 24. fxe5 Rxe5 25. Qb2 Rg5 26. Ne4 Qe5 27. Qxe5 Rxe5 28. Nd6 Re7 29. Nf5 Ree8 30. Nd6 Re7 31. Bf3 Rd8 32. Nxb7 Rxb7 33. Rfd1 Rb5 34. Rc6 Ra5 35. a4 Ne6 36. g3 d4 37. Be2 d3 38. Bf1 Nd4 39. Rc3 d2 40. Kg2 Ne6 41. Bc4 Re5 42. Rc2 Nc5 43. Rcxd2 Rb8 44. Rd8+ Re8 45. Rxe8+ Rxe8 46. Rd5 Rc8 47. Rf5 Ne6 48. Bxa6 Nd4 49. Bxc8 1-0

[Event "VIE-chT (Women)"]
[Site "Hanoi"]
[Date "2012.09.26"]
[Round "8"]
[White "Nguyen Thi Diem, Huong"]
[Black "Nguyen, Quynh Anh"]
[Result "1-0"]
[WhiteElo "2028"]
[BlackElo "2142"]
[PlyCount "119"]
[EventDate "2012.09.21"]
[EventType "team-tourn"]
[EventRounds "9"]
[EventCountry "VIE"]
[SourceTitle "CBM 150 Extra"]
[Source "ChessBase"]
[SourceDate "2012.10.19"]
[SourceVersion "1"]
[SourceVersionDate "2012.10.19"]
[SourceQuality "1"]

1. e4 c5 2. Nf3 d6 3. d4 cxd4 4. Nxd4 Nf6 5. Nc3 e6 6. Be3 a6 7. Be2 Qc7 8. 0-0 b5 9. a3 Bb7 10. Bd3 Nbd7 11. f4 Be7 12. Qf3 0-0 13. Rae1 Nc5 14. Bf2 d5 15. e5 Nfe4 16. Nb1 f6 17. Bxe4 dxe4 18. Qg4 f5 19. Qh5 g6 20. Qh3 Bd5 21. Rd1 Rad8 22. Nc3 Qc8 23. Kh1 Nb7 24. Bh4 Bxh4 25. Qxh4 Bc4 26. Rfe1 Qc5 27. Qf2 Rf7 28. Rd2 Rfd7 29. Red1 a5 30. h3 b4 31. Nb1 a4 32. axb4 Qb6 33. c3 Bd3 34. Na3 Rd5 35. Qh4 R8d7 36. Nac2 Rf7 37. Ne1 Bc4 38. Nec2 Bd3 39. Ra1 Qa6 40. b5 Rxb5 41. Nxb5 Qxb5 42. Nd4 Qc4 43. Qe1 Nc5 44. Ra3 Rb7 45. h4 Qd5 46. Qg3 Bb5 47. Nb3 Nd3 48. Nd4 Be8 49. Qg5 Nxb2 50. Qf6 Nd3 51. Qxe6+ Qxe6 52. Nxe6 Bb5 53. Nd4 e3 54. Rc2 Nxf4 55. c4 Bxc4 56. Rxc4 Rb1+ 57. Kh2 e2 58. Nxe2 Nxe2 59. e6 Kf8 60. Re3 1-0

[Event "VIE-chT (Women)"]
[Site "Hanoi"]
[Date "2012.09.25"]
[Round "7"]
[White "Nguyen, Quynh Anh"]
[Black "Hoang, Thi Bao Tram"]
[Result "1/2-1/2"]
[WhiteElo "2142"]
[BlackElo "2349"]
[PlyCount "109"]
[EventDate "2012.09.21"]
[EventType "team-tourn"]
[EventRounds "9"]
[EventCountry "VIE"]
[SourceTitle "CBM 150 Extra"]
[Source "ChessBase"]
[SourceDate "2012.10.19"]
[SourceVersion "1"]
[SourceVersionDate "2012.10.19"]
[SourceQuality "1"]

1. e4 c6 2. d4 d5 3. Nc3 dxe4 4. Nxe4 Bf5 5. Ng3 Bg6 6. h4 h6 7. Nf3 Nd7 8. h5 Bh7 9. Bd3 Bxd3 10. Qxd3 e6 11. Bd2 Ngf6 12. 0-0-0 Qc7 13. Ne4 0-0-0 14. Kb1 Nxe4 15. Qxe4 Nf6 16. Qd3 Rd5 17. c4 Rxh5 18. Rxh5 Nxh5 19. d5 Bd6 20. dxe6 Re8 21. Nd4 Nf6 22. Qf3 fxe6 23. Bxh6 gxh6 24. Qxf6 Be5 25. Qf3 Qh7+ 26. Nc2 Qg7 27. Qa3 Qg4 28. Qd3 Qg7 29. Qa3 Qxg2 30. Qxa7 Qf3 31. Ne3 Qxf2 32. Qa8+ Bb8 33. Qa3 Qe2 34. c5 Rd8 35. Rxd8+ Kxd8 36. Qc3 e5 37. a3 Bc7 38. Qb3 Qe1+ 39. Ka2 Qg3 40. Qd3+ Kc8 41. Qf5+ Kb8 42. Qf8+ Ka7 43. Qxh6 e4 44. Nc4 Qd3 45. Qc1 Bf4 46. Qxf4 Qxc4+ 47. Kb1 Qd3+ 48. Kc1 e3 49. Qa4+ Kb8 50. Qf4+ Kc8 51. Qf8+ Kc7 52. Qf4+ Kd7 53. Qf7+ Kd8 54. Qf8+ Kc7 55. Qf4+ 1/2-1/2

[Event "VIE-chT (Women)"]
[Site "Hanoi"]
[Date "2012.09.24"]
[Round "6"]
[White "Le, Phu Nguyen Thao"]
[Black "Nguyen, Quynh Anh"]
[Result "0-1"]
[WhiteElo "2050"]
[BlackElo "2142"]
[PlyCount "102"]
[EventDate "2012.09.21"]
[EventType "team-tourn"]
[EventRounds "9"]
[EventCountry "VIE"]
[SourceTitle "CBM 150 Extra"]
[Source "ChessBase"]
[SourceDate "2012.10.19"]
[SourceVersion "1"]
[SourceVersionDate "2012.10.19"]
[SourceQuality "1"]

1. Nf3 d5 2. g3 c5 3. Bg2 Nf6 4. d3 e6 5. 0-0 Be7 6. c3 0-0 7. Qc2 Nc6 8. Bg5 b6 9. Nbd2 Bb7 10. e4 Rc8 11. Rfd1 h6 12. Bxf6 Bxf6 13. Nf1 Qd7 14. Qe2 Rfd8 15. Ne3 d4 16. Ng4 Be7 17. Nge5 Nxe5 18. Nxe5 Qc7 19. Qh5 Bf8 20. Bh3 dxc3 21. bxc3 Re8 22. Re1 Rcd8 23. Rad1 b5 24. Re3 Bd6 25. Ng4 a5 26. Bg2 e5 27. Ree1 Bf8 28. Ne3 b4 29. cxb4 cxb4 30. Rc1 Qb8 31. Bf1 a4 32. Rb1 Rc8 33. Qd1 Bc6 34. Nc4 Qa7 35. Qh5 Qd4 36. Rec1 Bb5 37. Qf3 Bc5 38. Rd1 Rc6 39. Ne3 g6 40. Nd5 Kg7 41. h4 b3 42. axb3 axb3 43. Rxb3 Ba4 44. Rb7 Qxf2+ 45. Qxf2 Bxf2+ 46. Kxf2 Bxd1 47. Bh3 Ra8 48. Nb4 Rf6+ 49. Ke1 Ra1 50. Kd2 Rf2+ 51. Ke1 Rh2 0-1

[Event "VIE-chT (Women)"]
[Site "Hanoi"]
[Date "2012.09.21"]
[Round "1"]
[White "Nguyen, Quynh Anh"]
[Black "Tran Thi Mong, Thu"]
[Result "1-0"]
[WhiteElo "2142"]
[BlackElo "1816"]
[PlyCount "79"]
[EventDate "2012.09.21"]
[EventType "team-tourn"]
[EventRounds "9"]
[EventCountry "VIE"]
[SourceTitle "CBM 150 Extra"]
[Source "ChessBase"]
[SourceDate "2012.10.19"]
[SourceVersion "1"]
[SourceVersionDate "2012.10.19"]
[SourceQuality "1"]

1. e4 c5 2. Nf3 d6 3. d4 cxd4 4. Nxd4 Nf6 5. Nc3 a6 6. Be2 e5 7. Nb3 Be6 8. 0-0 Be7 9. f4 Qc7 10. Bf3 Nbd7 11. Kh1 Rc8 12. Be3 b5 13. f5 Bc4 14. Re1 b4 15. Nd5 Bxd5 16. exd5 a5 17. c4 0-0 18. Rc1 Rfd8 19. Nd2 Nc5 20. Qc2 Re8 21. Ne4 Ncd7 22. Qd3 Qb8 23. g4 h6 24. Rg1 Nxe4 25. Bxe4 f6 26. b3 Nc5 27. Qc2 Rc7 28. Bf3 Qc8 29. h4 Bf8 30. g5 e4 31. Bg4 hxg5 32. hxg5 fxg5 33. Bxg5 Qb7 34. Bh5 Re5 35. Qh2 g6 36. Bxg6 Bg7 37. Qh7+ Kf8 38. f6 Bxf6 39. Bh6+ Bg7 40. Qh8+ 1-0

[Event "VIE-ch KO (Women)"]
[Site "Can Tho"]
[Date "2012.03.26"]
[Round "1.2"]
[White "Nguyen, Quynh Anh"]
[Black "Le Thi Thu, Huong"]
[Result "0-1"]
[WhiteElo "2140"]
[BlackElo "2017"]
[PlyCount "126"]
[EventDate "2012.03.26"]
[EventType "k.o."]
[EventRounds "3"]
[EventCountry "VIE"]
[SourceTitle "EXT 2013"]
[Source "ChessBase"]
[SourceDate "2012.11.22"]
[SourceVersion "1"]
[SourceVersionDate "2012.11.22"]
[SourceQuality "1"]

1. e4 c5 2. Nf3 d6 3. d4 cxd4 4. Nxd4 Nf6 5. Nc3 a6 6. Be2 e5 7. Nb3 Be6 8. 0-0 Nbd7 9. f4 b5 10. a3 Qc7 11. Be3 Nb6 12. Nd2 Be7 13. Kh1 Rd8 14. Qe1 Nc4 15. Nxc4 Bxc4 16. Rd1 0-0 17. Rf2 d5 18. Bxc4 dxc4 19. fxe5 Qxe5 20. Bf4 Qh5 21. Rxd8 Rxd8 22. Rd2 Re8 23. Nd5 h6 24. Nc7 Rc8 25. Nd5 Re8 26. Nc7 Rd8 27. Rxd8+ Bxd8 28. Nxa6 Nxe4 29. h3 Qf5 30. Be3 Bf6 31. c3 g5 32. Nb4 g4 33. hxg4 Qxg4 34. Kg1 Bh4 35. Qb1 Ng3 36. Nd5 f5 37. Bf2 Ne4 38. Bxh4 Qxh4 39. Qf1 Ng3 40. Qf3 f4 41. Nxf4 Qxf4 42. Qd5+ Kg7 43. Qd7+ Kg6 44. Qe6+ Kh5 45. Qd5+ Kg4 46. Qd1+ Kg5 47. Qd8+ Qf6 48. Qd5+ Kh4 49. Qd1 Qb6+ 50. Kh2 Nf5 51. Qf3 Qd6+ 52. Kh1 Ng3+ 53. Kg1 Qc5+ 54. Kh2 Qe5 55. Qf2 h5 56. Kg1 Qf5 57. Qe1 Qe4 58. Qd1 Qd3 59. Qe1 Qe2 60. Qc1 Kg4 61. Qb1 Ne4 62. Kh2 h4 63. Kg1 h3 0-1

[Event "VIE-ch (Women)"]
[Site "Can Tho"]
[Date "2012.03.23"]
[Round "8"]
[White "Nguyen, Quynh Anh"]
[Black "Pham Thi Thu, Hoai"]
[Result "1-0"]
[WhiteElo "2140"]
[BlackElo "1917"]
[PlyCount "73"]
[EventDate "2012.03.19"]
[EventType "swiss"]
[EventRounds "9"]
[EventCountry "VIE"]
[SourceTitle "EXT 2013"]
[Source "ChessBase"]
[SourceDate "2012.11.22"]
[SourceVersion "1"]
[SourceVersionDate "2012.11.22"]
[SourceQuality "1"]

1. e4 e5 2. Nf3 Nc6 3. Bc4 Bc5 4. c3 Nf6 5. d3 d6 6. h3 h6 7. Nbd2 0-0 8. Bb3 Re8 9. Nf1 d5 10. Qe2 Be6 11. Ba4 Bd7 12. Bc2 a6 13. g4 dxe4 14. dxe4 Nh7 15. Ng3 b5 16. Nf5 Ng5 17. Nxg5 hxg5 18. h4 gxh4 19. Nxh4 Be7 20. Nf5 Bg5 21. f4 Bxf5 22. fxg5 Bg6 23. Qh2 Kf8 24. Be3 Nd4 25. cxd4 exd4 26. 0-0-0 c5 27. Qh8+ Ke7 28. Qxg7 Qc7 29. Rh3 Kd7 30. Bxd4 Kc8 31. Rc3 c4 32. Rf3 Re7 33. Rf6 Rd7 34. Qh8+ Rd8 35. Qh1 Rb8 36. e5 Bxc2 37. Kxc2 1-0

[Event "VIE-ch (Women)"]
[Site "Can Tho"]
[Date "2012.03.19"]
[Round "2"]
[White "Nguyen, Thi Thanh An"]
[Black "Nguyen, Quynh Anh"]
[Result "1-0"]
[WhiteElo "2292"]
[BlackElo "2140"]
[PlyCount "59"]
[EventDate "2012.03.19"]
[EventType "swiss"]
[EventRounds "9"]
[EventCountry "VIE"]
[SourceTitle "EXT 2013"]
[Source "ChessBase"]
[SourceDate "2012.11.22"]
[SourceVersion "1"]
[SourceVersionDate "2012.11.22"]
[SourceQuality "1"]

1. d4 d5 2. c4 e6 3. Nf3 Nf6 4. Bg5 Be7 5. e3 0-0 6. Nc3 b6 7. Rc1 Bb7 8. Bxf6 Bxf6 9. cxd5 exd5 10. Bd3 Nd7 11. 0-0 c5 12. Bf5 cxd4 13. exd4 g6 14. Bh3 Be7 15. Re1 Bd6 16. g3 a6 17. Qb3 Nf6 18. Ne5 b5 19. Bg2 Be7 20. Na4 Qd6 21. Nc5 Bc8 22. Qe3 Re8 23. Qf4 Ra7 24. Ncd3 Bf5 25. Nc6 Rd7 26. Rxe7 Bxd3 27. Rxe8+ Nxe8 28. Ne5 Bf5 29. Nxd7 Qxd7 30. Qb8 1-0

[Event "Ho Chi Minh City HD Bank op 1st"]
[Site "Ho Chi Minh City"]
[Date "2011.01.08"]
[Round "8"]
[White "Nguyen, Quynh Anh"]
[Black "Wolfaardt, Francois"]
[Result "1-0"]
[WhiteElo "2177"]
[BlackElo "1776"]
[PlyCount "77"]
[EventDate "2011.01.04"]
[EventType "swiss"]
[EventRounds "9"]
[EventCountry "VIE"]
[SourceTitle "CBM 140 Extra"]
[Source "ChessBase"]
[SourceDate "2011.03.01"]
[SourceVersion "1"]
[SourceVersionDate "2011.03.01"]
[SourceQuality "1"]

1. e4 e6 2. d4 b6 3. Be3 Bb7 4. Nd2 c5 5. c3 Nf6 6. f3 Be7 7. Bd3 Nc6 8. a3 Rc8 9. Ne2 0-0 10. 0-0 h6 11. Ng3 cxd4 12. cxd4 d5 13. e5 Nd7 14. f4 Na5 15. f5 Bg5 16. Bf2 Nc4 17. Nxc4 dxc4 18. Bc2 Qc7 19. Qg4 Rfe8 20. h4 Bd2 21. Nh5 g5 22. fxg6 Kh8 23. gxf7 Rg8 24. fxg8Q+ Rxg8 25. Qh3 Bxg2 26. Qxg2 Rxg2+ 27. Kxg2 Qc6+ 28. Kg3 c3 29. b4 Qc4 30. Kh3 Qc6 31. Bg3 Qc4 32. Rf7 Qxd4 33. Rh7+ Kg8 34. Rxd7 Qc4 35. Bd3 Qc6 36. Rg7+ Kf8 37. Rf1+ Ke8 38. Bg6+ Kd8 39. Rf8+ 1-0